Southeast Asia: a brief history / (Record no. 165796)
[ view plain ]
| 000 -LEADER | |
|---|---|
| fixed length control field | 00696cam2a220021700 4500 |
| 001 - CONTROL NUMBER | |
| control field | qce01685608 |
| 005 - DATE AND TIME OF LATEST TRANSACTION | |
| control field | 20190826103438.0 |
| 008 - FIXED-LENGTH DATA ELEMENTS--GENERAL INFORMATION | |
| fixed length control field | 731109s1966 nju eng u |
| 035 ## - SYSTEM CONTROL NUMBER | |
| System control number | (Sirsi) r105501 |
| 035 ## - SYSTEM CONTROL NUMBER | |
| System control number | (QCAT)lss00492944 |
| 035 ## - SYSTEM CONTROL NUMBER | |
| System control number | (UPRA)qce01685608 |
| 040 ## - CATALOGING SOURCE | |
| Modifying agency | UPRA |
| 082 ## - DEWEY DECIMAL CLASSIFICATION NUMBER | |
| Classification number | 959 |
| 100 1# - MAIN ENTRY--PERSONAL NAME | |
| Personal name | Meyer, Milton Walter. |
| Linkage | A62565.1 |
| 245 10 - TITLE STATEMENT | |
| Title | Southeast Asia: a brief history / |
| Statement of responsibility, etc. | by Milton W. Meyer. |
| 260 ## - PUBLICATION, DISTRIBUTION, ETC. | |
| Place of publication, distribution, etc. | Totowa, NJ : |
| Name of publisher, distributor, etc. | Littlefield, Adams, |
| Date of publication, distribution, etc. | [1966, c1965] |
| 504 ## - BIBLIOGRAPHY, ETC. NOTE | |
| Bibliography, etc. note | Bibliography: p. 215-217. |
| 651 #0 - SUBJECT ADDED ENTRY--GEOGRAPHIC NAME | |
| Geographic name | Asia, Southeastern -- History. |
| General subdivision | Asia, Southeastern -- History. |
| Linkage | S30745.1 |
| 949 ## - LOCAL PROCESSING INFORMATION (OCLC) | |
| a | DS511 |
| w | lcc |
| i | -150037 |
| m | MAIN |
| t | BOOK |
| l | ON-SHELF |
No items available.